000 00663nam a2200205Ia 4500
003 GCL
005 20240530103014.0
008 140319s9999 xx 000 0 ara d
017 _a928316
040 _aGCL /
_cGCL
082 0 4 _a782.1
_bا ا
100 1 _aاحمد لطفى
245 1 0 _aاوبرا كارمن :
_cاحمد لطفى
_bالترجمة الكاملة للنص المسرحى /
260 _a[S.N] :
_bالمركز الثقافى القومى - دار الاوبرا المصري
300 _a119 ص ؛
_c16 سم
650 0 4 _aالمسرحيات
650 0 4 _aالاوبرا
650 0 4 _aالاعمال الموسيقية
942 _2ddc
_cBK
999 _c36083
_d36083